| 000 | 00769nab a22002417i 4500 | ||
|---|---|---|---|
| 001 | 08264 | ||
| 003 | HDC | ||
| 007 | cr bn ---aaaaa | ||
| 008 | 210127c20170802my n|| o||| 00| 0 may | ||
| 040 | _aHDC | ||
| 245 | 0 |
_aHampir buta : _bPengguna terpengaruh produk penjagaan dalam talian alami radang mata |
|
| 336 |
_atext _2rdacontent |
||
| 337 |
_acomputer _2rdamedia |
||
| 338 |
_aonline resource _2rdacarrier |
||
| 650 |
_aIndustri _98384 |
||
| 650 |
_aKesihatan _92956 |
||
| 650 |
_aProduk _98766 |
||
| 710 | _aHarian Metro | ||
| 856 | _zRequest full-text at [email protected] | ||
| 942 | _2lcc | ||
| 942 | _cNEWS | ||
| 942 | _kNWSC 001664 | ||
| 999 |
_c5587 _d5587 |
||